Statistics for No Outlines - Countries of Asia Map Quiz

Click here to take the quiz!

General Stats

  • This quiz has been taken 3,504 times
  • The average score is 21 of 48

Answers on the Map

Answers color-coded by a green-red scale on the quiz's map according to % correct below.
 

Answer Stats

Answer% Correct
East Timor
61%
Singapore
55%
China
52%
Afghanistan
49%
India
49%
Bangladesh
47%
Brunei
46%
Cyprus
46%
Japan
46%
Maldives
46%
Mongolia
46%
Saudi Arabia
46%
Indonesia
45%
Nepal
45%
Bhutan
44%
Kazakhstan
44%
North Korea
44%
Oman
44%
Philippines
44%
South Korea
44%
Sri Lanka
44%
Turkey
44%
Yemen
44%
Armenia
43%
Cambodia
43%
United Arab
Emirates
43%
Azerbaijan
42%
Iran
42%
Iraq
42%
Malaysia
42%
Pakistan
42%
Taiwan
42%
Laos
41%
Myanmar
41%
Vietnam
41%
Thailand
40%
Georgia
39%
Israel
39%
Jordan
38%
Kuwait
38%
Kyrgyzstan
38%
Syria
38%
Bahrain
37%
Qatar
37%
Uzbekistan
37%
Tajikistan
36%
Turkmenistan
36%
Lebanon
35%

Score Distribution

Percentile by Number Answered

Percent of People with Each Score

Your Score History

You have not taken this quiz